<?xml version="1.0" encoding="UTF-8"?>
<record
    xmlns:xsi="http://www.w3.org/2001/XMLSchema-instance"
    xsi:schemaLocation="http://www.loc.gov/MARC21/slim http://www.loc.gov/standards/marcxml/schema/MARC21slim.xsd"
    xmlns="http://www.loc.gov/MARC21/slim">

  <leader>01688nam a2200421 a 4500</leader>
  <datafield tag="999" ind1=" " ind2=" ">
    <subfield code="c">22652</subfield>
    <subfield code="d">22652</subfield>
  </datafield>
  <controlfield tag="001">C00601170</controlfield>
  <controlfield tag="003">OSt</controlfield>
  <controlfield tag="005">20221212105048.0</controlfield>
  <controlfield tag="007">ta</controlfield>
  <controlfield tag="008">210915s2020    pe a   gr     00010 spa</controlfield>
  <datafield tag="017" ind1=" " ind2=" ">
    <subfield code="a">2020-09340</subfield>
  </datafield>
  <datafield tag="020" ind1=" " ind2=" ">
    <subfield code="a">9786124821899</subfield>
  </datafield>
  <datafield tag="040" ind1=" " ind2=" ">
    <subfield code="a">pelibn </subfield>
    <subfield code="b">spa </subfield>
    <subfield code="e">rda </subfield>
    <subfield code="c">pelibn</subfield>
  </datafield>
  <datafield tag="082" ind1="1" ind2="4">
    <subfield code="a">985.019</subfield>
  </datafield>
  <datafield tag="100" ind1="1" ind2=" ">
    <subfield code="a">Setlak, Magdalena,</subfield>
    <subfield code="e">autor.</subfield>
    <subfield code="9">48777</subfield>
  </datafield>
  <datafield tag="245" ind1="1" ind2="0">
    <subfield code="a">Quipus y quipucamayoc :</subfield>
    <subfield code="b">codificaci&#xF3;n y administraci&#xF3;n en el antig&#xFC;o Per&#xFA; = Quipus and quipucamayoc : encoding and administration in ancient Peru /</subfield>
    <subfield code="c">Magdalena Setlak, Viviana Moscovich, Sabine Hyland y Lucrezia Milillo.</subfield>
  </datafield>
  <datafield tag="246" ind1="3" ind2="1">
    <subfield code="a">Quipus and quipucamayoc : encoding and administration in ancient Peru</subfield>
  </datafield>
  <datafield tag="250" ind1=" " ind2=" ">
    <subfield code="a">Primera edici&#xF3;n.</subfield>
  </datafield>
  <datafield tag="264" ind1="3" ind2="3">
    <subfield code="a">Lima :</subfield>
    <subfield code="b">EY,</subfield>
    <subfield code="c">2020.</subfield>
  </datafield>
  <datafield tag="264" ind1="3" ind2="3">
    <subfield code="a">Lima :</subfield>
    <subfield code="b">Lettera Gr&#xE1;fica.</subfield>
  </datafield>
  <datafield tag="300" ind1=" " ind2=" ">
    <subfield code="a">474 p&#xE1;ginas :</subfield>
    <subfield code="b">ilustraciones en color, diagramas, facs&#xED;miles, planos, retratos ;</subfield>
    <subfield code="c">29 cm.</subfield>
  </datafield>
  <datafield tag="336" ind1=" " ind2=" ">
    <subfield code="a">Texto </subfield>
    <subfield code="2">rdacontent</subfield>
  </datafield>
  <datafield tag="337" ind1=" " ind2=" ">
    <subfield code="a">sin mediaci&#xF3;n</subfield>
    <subfield code="2">rdamedia</subfield>
  </datafield>
  <datafield tag="338" ind1=" " ind2=" ">
    <subfield code="a">volumen</subfield>
    <subfield code="2">rdacarrier</subfield>
  </datafield>
  <datafield tag="504" ind1=" " ind2=" ">
    <subfield code="a">Bibliograf&#xED;a: p&#xE1;ginas 458-474.</subfield>
  </datafield>
  <datafield tag="650" ind1="1" ind2="8">
    <subfield code="a">Quipus</subfield>
    <subfield code="z">-Per&#xFA;.</subfield>
    <subfield code="9">48778</subfield>
  </datafield>
  <datafield tag="650" ind1="1" ind2="8">
    <subfield code="a">Inkas</subfield>
    <subfield code="9">1899</subfield>
  </datafield>
  <datafield tag="650" ind1="2" ind2="8">
    <subfield code="a">Incas</subfield>
    <subfield code="x">-Comunicaci&#xF3;n.</subfield>
    <subfield code="9">48779</subfield>
  </datafield>
  <datafield tag="650" ind1="2" ind2="8">
    <subfield code="a">Incas</subfield>
    <subfield code="x">-Matem&#xE1;ticas.</subfield>
    <subfield code="9">48780</subfield>
  </datafield>
  <datafield tag="650" ind1="2" ind2="8">
    <subfield code="a">Pictograf&#xED;a</subfield>
    <subfield code="z">-Per&#xFA;</subfield>
    <subfield code="y">-&#xC9;poca Prehisp&#xE1;nica.</subfield>
    <subfield code="9">48781</subfield>
  </datafield>
  <datafield tag="650" ind1="2" ind2="8">
    <subfield code="a">Quipus</subfield>
    <subfield code="v">-Cat&#xE1;logos.</subfield>
    <subfield code="9">48782</subfield>
  </datafield>
  <datafield tag="700" ind1="1" ind2=" ">
    <subfield code="a">Moscovich, Viviana,</subfield>
    <subfield code="d">1990-,</subfield>
    <subfield code="e">autor.</subfield>
    <subfield code="9">48783</subfield>
  </datafield>
  <datafield tag="700" ind1="1" ind2=" ">
    <subfield code="a">Hyland, Sabine,</subfield>
    <subfield code="d">1964-,</subfield>
    <subfield code="e">autor.</subfield>
    <subfield code="9">48784</subfield>
  </datafield>
  <datafield tag="700" ind1="1" ind2=" ">
    <subfield code="a">Milillo, Lucrezia,</subfield>
    <subfield code="e">autor.</subfield>
    <subfield code="9">48785</subfield>
  </datafield>
  <datafield tag="856" ind1=" " ind2=" ">
    <subfield code="u">https://assets.ey.com/content/dam/ey-sites/ey-com/es_pe/topics/growth/ey-quipus-y-quipucamayoc-libro.pdf</subfield>
    <subfield code="z">Leer en digital</subfield>
  </datafield>
  <datafield tag="942" ind1=" " ind2=" ">
    <subfield code="2">ddc</subfield>
    <subfield code="c">LIBROS</subfield>
  </datafield>
  <datafield tag="952" ind1=" " ind2=" ">
    <subfield code="0">0</subfield>
    <subfield code="1">0</subfield>
    <subfield code="2">ddc</subfield>
    <subfield code="4">0</subfield>
    <subfield code="7">0</subfield>
    <subfield code="a">SH</subfield>
    <subfield code="b">SH</subfield>
    <subfield code="c">CART</subfield>
    <subfield code="d">2022-12-12</subfield>
    <subfield code="e">Donaci&#xF3;n</subfield>
    <subfield code="g">100.00</subfield>
    <subfield code="o">985.019/S44Q</subfield>
    <subfield code="p">SH0000016489</subfield>
    <subfield code="r">2022-12-12</subfield>
    <subfield code="w">2022-12-12</subfield>
    <subfield code="y">LIBROS</subfield>
  </datafield>
</record>
